000 00442nam a22001697a 4500
005 20241109134509.0
008 241109b |||||||| |||| 00| 0 eng d
020 _a9780136988700
050 _aTS161
_bARN
100 _aArnold, Tony J. R
245 _aIntroduction to materials management
250 _a3rd
260 _aUSA
_bPrentice-Hall International
_cc1998
300 _aix, 454p
_bill.;
500 _aInclude index
942 _2lcc
_cBK
_n0
999 _c957
_d957